Sustainable food security / (Record no. 44469)

MARC details
000 -LEADER
fixed length control field 01732nam a22003017a 4500
005 - DATE AND TIME OF LATEST TRANSACTION
control field 20100908122515.0
008 - FIXED-LENGTH DATA ELEMENTS--GENERAL INFORMATION
fixed length control field 100908t xxu||||| |||| 00| 0 eng d
010 ## - LCCN (DPL NO)
LC control number ENG-101450 B-431144-147
020 ## - INTERNATIONAL STANDARD BOOK NUMBER
International Standard Book Number 9788183243568
Terms of availability 1100.00
035 ## - SYSTEM CONTROL NUMBER
System control number EN-84983 B-431144-147
037 ## - SOURCE OF ACQUISITION
Source of stock number/acquisition DBAD/PUB
037 ## - SOURCE OF ACQUISITION
Source of stock number/acquisition AlliedPub/Ven
040 ## - CATALOGING SOURCE
Original cataloging agency dpl
Language of cataloging Eng
082 ## - DEWEY DECIMAL CLASSIFICATION NUMBER
Classification number 363.8
245 ## - TITLE STATEMENT
Title Sustainable food security /
Statement of responsibility, etc edited by P.K.Jain...[et al]
260 ## - PUBLICATION, DISTRIBUTION, ETC. (IMPRINT)
Place of publication, distribution, etc New Delhi
Name of publisher, distributor, etc Mittal Publications
Date of publication, distribution, etc 2010
270 ## - ADDRESS
Address 4594, Daryaganj
City New Delhi
Postal code 110002
300 ## - PHYSICAL DESCRIPTION
Extent xxii,401p.
Dimensions 23cm (Hb)
500 ## - GENERAL NOTE
General note Includes index
700 ## - ADDED ENTRY--PERSONAL NAME
Personal name jain,P.K.
9 (RLIN) 18907
942 ## - ADDED ENTRY ELEMENTS (KOHA)
Source of classification or shelving scheme Dewey Decimal Classification
Item type English Books
Call number suffix SUS
Classification part 363.8
Holdings
Withdrawn status Lost status Source of classification or shelving scheme Damaged status Not for loan Collection code Home library Current library Date acquired Source of acquisition Cost, normal purchase price Total Checkouts Full call number Barcode Date last seen Copy number Cost, replacement price Koha item type
    Dewey Decimal Classification     Non-fiction Central Library Central Library 03/06/2011 Allied Pub/2961/29.3.11/85/24.3.11/31.3.11 1100.00 2 363.8 SUS B-431144 04/01/2022 1 1100.00 English Books
    Dewey Decimal Classification   Not For Loan Non-fiction D.B.Act.Division D.B.Act.Division 08/09/2010 DBAD/PUB 1100.00   363.8 SUS EN-84983 08/09/2010 1 1100.00 English Books
    Dewey Decimal Classification     Non-fiction Patel Nagar Patel Nagar 03/06/2011 Allied Pub/2961/29.3.11/85/24.3.11/31.3.11 1100.00   363.8 SUS B-431145 03/06/2011 1 1100.00 English Books
    Dewey Decimal Classification     Non-fiction Sarojini Nagar Sarojini Nagar 03/06/2011 Allied Pub/2961/29.3.11/85/24.3.11/31.3.11 1100.00   363.8 SUS B-431146 03/06/2011 1 1100.00 English Books
    Dewey Decimal Classification     Non-fiction Shahdara Branch Shahdara Branch 03/06/2011 Allied Pub/2961/29.3.11/85/24.3.11/31.3.11 1100.00 1 363.8 SUS B-431147 03/05/2019 1 1100.00 English Books

© Delhi Public Library
Hit Counter
free hit counter